THE SEVEN DIALS MYSTERY (Record no. 2976)
[ view plain ]
| 000 -LEADER | |
|---|---|
| fixed length control field | 00621nam a22001457a 4500 |
| 020 ## - INTERNATIONAL STANDARD BOOK NUMBER | |
| ISBN | 0-00-231749-4 |
| 082 ## - DEWEY DECIMAL CLASSIFICATION NUMBER | |
| Classification number | 823 |
| Item number | CHR/S |
| 100 ## - MAIN ENTRY--AUTHOR NAME | |
| Personal name | CHRISTIE, AGATHA |
| 245 ## - TITLE STATEMENT | |
| Title | THE SEVEN DIALS MYSTERY |
| 260 ## - PUBLICATION, DISTRIBUTION, ETC. (IMPRINT) | |
| Place of publication | LONDON |
| Name of publisher | HARPER COLLINS |
| Year of publication | 1990 |
| 300 ## - PHYSICAL DESCRIPTION | |
| Number of Pages | 222 |
| 520 ## - SUMMARY, ETC. | |
| Summary, etc | When Gerald Wade died, apparently from an overdose of sleeping draught, seven clocks appeared on the mantelpiece. Who put them there and had they any connection with the Night Club in Seven Dials? That is the mystery that Bill Eversleigh and Bundle and two other young people set out to investigate. |
| 650 ## - SUBJECT ADDED ENTRY--TOPICAL TERM | |
| Topical Term | NOVEL |
| Geographic subdivision | UNITED KINGDOM |
| 942 ## - ADDED ENTRY ELEMENTS (KOHA) | |
| Koha item type | Books |
| Withdrawn status | Lost status | Collection code | Home library | Current library | Shelving location | Date acquired | Source of acquisition | Full call number | Accession Number | Koha item type |
|---|---|---|---|---|---|---|---|---|---|---|
| Fiction | Main Library | Main Library | SHELF-14C- ALPHABETICAL -C--ENGLISH NOVELS & FICTIONS | 02/05/2009 | purchase | 823 CHR/S | 03672 | Books |